000
00235nam a22000857a 4500
999
_c
10921
_d
10921
008
180407b ||||| |||| 00| 0 eng d
100
_a
Gururani, Chandra Kailesh
_9
6730
245
_a
Informatics Practice
260
_a
Meerut
_b
Arihant Prakashan